000 00407nam a2200181Ia 4500
001 12755
005 20260306163004.0
008 260306t2003||||xx |||||||||||||| ||spa||
041 _aESP
082 _aRD 150.3
_bS23
100 _aSánchez Carlessi, Hugo
_eAUT
245 0 _aDiccionario biográfico
260 _c2003
300 _a
_c
650 _aGEN
654 _aCPS
942 _cDIC
_dJUS
_fJUS
_2ddc
_n
999 _c12755
_d12755